| 000 | 00570nam a2200193Ia 4500 | ||
|---|---|---|---|
| 003 | IN-BaIIA | ||
| 008 | 211028s9999 xx 000 0 eng d | ||
| 020 | _a0-941325-00-8 | ||
| 040 | _cIIA Library | ||
| 080 |
_a524.354.4 _bARP |
||
| 100 |
_aArp, Halton _98392 |
||
| 245 | 0 |
_aQuasars, redshifts, and controversies _cHalton Arp |
|
| 260 |
_aBerkeley _bInterstellar Media _c1987 |
||
| 300 | _a198p. | ||
| 650 | _aAstronomy and astrophysics thesaurus | ||
| 650 |
_aQuasars _91096 |
||
| 650 |
_aRedshift _98391 |
||
| 942 | _cBK | ||
| 999 |
_c9212 _d9212 |
||